LEADER 01100nam--2200385---450- 001 990006014760203316 005 20150306121238.0 010 $a978-88-428-1927-1 035 $a000601476 035 $aUSA01000601476 035 $a(ALEPH)000601476USA01 035 $a000601476 100 $a20150306d2014----km-y0itay50------ba 101 0 $aita 102 $aIT 105 $a||||||||001yy 200 1 $aLettere$fOscar Wilde$gtraduzione e cura di Silvia De Laude e Luca Scarlini 210 $aMilano$cIl saggiatore$d2014 215 $aXX, 1266 p.$d23 cm 225 2 $a<> cultura$v889 410 0$12001$a<> cultura$v889 600 1$aWilde,$bOscar$xLettere 676 $a823.8 700 1$aWILDE,$bOscar$0118841 702 1$aDE LAUDE,$bSilvia 702 1$aSCARLINI,$bLuca 801 0$aIT$bsalbc$gISBD 912 $a990006014760203316 951 $aVII.3.A. 2400$b248460 L.M.$cVII.3.A.$d367060 959 $aBK 969 $aUMA 979 $aPASSARO$b90$c20150306$lUSA01$h1210 979 $aPASSARO$b90$c20150306$lUSA01$h1212 996 $aLettere$91076976 997 $aUNISA LEADER 02233nas 2200445 n 450 001 990009057000403321 005 20240229084430.0 011 $a0196-5204 035 $a000905700 035 $aFED01000905700 035 $a(Aleph)000905700FED01 035 $a000905700 091 $2CNR$aP 00080876 100 $a20161109b19801992km-y0itaa50------ba 101 0 $aeng 102 $aUS 110 $aauu-------- 200 1 $aSIAM journal on scientific and statistical computing 207 1$a1980-1992 210 $aPhiladelphia$cSociety for Industrial and Applied Mathematics 326 $aBimestrale 440 0$1001000905701$12001$aSIAM journal on scientific computing 452 0$12001$aSIAM journal on scientific and statistical computing 530 0 $aSIAM journal on scientific and statistical computing 675 $a31 676 $a519.4/05 712 02$aSociety for Industrial and Applied Mathematics 801 0$aIT$bACNP$c20090723 859 4 $uhttp://acnp.cib.unibo.it/cgi-ser/start/it/cnr/dc-p1.tcl?catno=53740&person=false&language=ITALIANO&libr=&libr_th=unina1$zBiblioteche che possiedono il periodico 901 $aSE 912 $a990009057000403321 958 $aBiblioteca "Carlo Miranda" del Dipartimento di Matematica e Applicazioni "Renato Caccioppoli" Università Federico II$b1981-1992.$c1984;1989;1992.$ePER. 354$fMA1 958 $aBRAU. Biblioteca di Ricerca di Area Umanistica$b1987-1992.$eSP - Per. ingl. estinto 79$fFLFBC 959 $aMA1 959 $aFLFBC 996 $aSIAM journal on scientific and statistical computing$9786428 997 $aUNINA AP1 8 $6866-01$aNA014 Biblioteca "Carlo Miranda" del Dipartimento di Matematica e Applicazioni "Renato Caccioppoli" Università Federico II$bPER. 354$ev. Cintia-Monte Sant'Angelo, 80126 Napoli (NA)$m081-675749/675738/675848$m081-675746 opp.7662106$nit AP1 8 $6866-02$aNA072 BRAU. Biblioteca di Ricerca di Area Umanistica$bSP - Per. ingl. estinto 79$ePiazza Bellini 56/60, 80133 Napoli (NA)$m(081) 2533948$nit AP2 40$aacnp.cib.unibo.it$nACNP Italian Union Catalogue of Serials$uhttp://acnp.cib.unibo.it/cgi-ser/start/it/cnr/df-p.tcl?catno=53740&language=ITALIANO&libr=&person=&B=1&libr_th=unina&proposto=NO